Quiz Pokémon en images - 8ème Génération - Statistiques

Statistiques générales
  • Ce quiz a été pris 73 fois
  • Le résultat moyen est 54 sur 96
Statistiques - réponses
Par images Réponse % Correct
Moumouton
85%
Ouistempo
85%
Flambino
83%
Larméléon
81%
Pyrobut
79%
Minisange
72%
Théffroi
72%
Verpom
72%
Voltoutou
72%
Zacian
72%
Corvaillus
70%
Morpeko
70%
Palarticho
70%
Toxizap
70%
Bekaglaçon
68%
Crèmy
68%
Rongourmand
68%
Zamazenta
68%
Dolman
66%
Moumouflon
66%
Nigosier
66%
Scolocendre
66%
Wattapik
66%
Badabouin
64%
Dratatin
64%
Rongrigou
64%
Beldeneige
62%
Bibichut
62%
Bleuseille
62%
Charbi
62%
Duralugon
62%
Éthernatos
62%
Hexadron
62%
Lapyro
62%
Lézargus
62%
Angoliath
60%
Blancoton
60%
Charmilly
60%
Fantyrm
60%
Frissonille
60%
Gorythmic
60%
Goupilou
60%
M. Glaquette
60%
Salarsen
60%
Ursaking
60%
Grimalin
57%
Poulpaf
57%
Shifours
57%
Sorcilence
57%
Wimessir
57%
Coléodôme
55%
Ixon
55%
Pomdrapi
55%
Roublenard
55%
Astronelle
53%
Berserkatt
53%
Krakos
53%
Lanssorien
53%
Larvadar
53%
Regidrago
53%
Regieleki
53%
Torgamord
53%
Tournicoton
53%
Wagomine
53%
Arrozard
51%
Corayôme
51%
Dunaconda
51%
Embrochet
51%
Fulgudog
51%
Pachyradjah
51%
Fourbelin
49%
Grillepattes
49%
Khélocrok
49%
Monthracite
49%
Wushours
49%
Dispareptil
47%
Hachécateur
47%
Polthégeist
47%
Spectreval
47%
Zarude
47%
Amovénus
45%
Dunaja
45%
Hydragon
45%
Chapotus
43%
Charibari
43%
Blizzeval
40%
Galvagla
40%
Farfurex
38%
Qwilpik
38%
Galvagon
36%
Hydragla
36%
Tutétékri
36%
Cerbyllin
34%
Sylveroy
34%
Hastacuda
32%
Paragruel
32%
Aucun quiz correspondant
Distribution des résultats
% des personnes avec chaque résultat
Percentile par nombre de réponses
Votre historique - résultats
Vous n’avez pas pris ce quiz